Progetti di ricerche sull'AIDS (I-IV) : elenco delle pubblicazioni /

সংরক্ষণ করুন:
গ্রন্থ-পঞ্জীর বিবরন
অন্যান্য লেখক: Rossi, Giovanni Battista (virologo)
বিন্যাস: গ্রন্থ
ভাষা:ইতালিয়
প্রকাশিত: Roma : Istituto superiore di sanita, 1992
মালা:Rapporti ISTISAN ; Istituto superiore di sanità 92/6
ট্যাগগুলো: ট্যাগ যুক্ত করুন
কোনো ট্যাগ নেই, প্রথমজন হিসাবে ট্যাগ করুন!

MARC

LEADER 00000nam a22000007i 4500
001 IT\ICCU\SNT\0001354
003 ItRI
005 20260115232406.0
008 010212s1992 it |||||| ||||| |||||c
040 |b ita  |c importazione bologna sebina 
041 7 |a ita  |2 ISO-639-2 
245 0 0 |a Progetti di ricerche sull'AIDS (I-IV) :  |b elenco delle pubblicazioni /  |c a cura del responsabile scientifico Giovanni B. Rossi. 
260 |a Roma :  |b Istituto superiore di sanita,  |c 1992 
300 |a XVII, 268 p. ;  |c 29 cm. 
700 1 |a Rossi, Giovanni Battista  |c  (virologo)  |0 IT\ICCU\SNTV\000195 
830 0 |a Rapporti ISTISAN ;  |v 92/6  |a Istituto superiore di sanità  |0 IT\ICCU\RMG\0002236 
942 |2 ddc  |c BK  |n 0 
952 |0 0  |1 0  |4 0  |6 A_616_979000000000000_MIN  |7 0  |9 25318  |a BO  |b BO  |d 2026-01-15  |i 3060  |l 0  |o A 616.979 MIN  |p BO3060  |r 2026-01-15 23:24:06  |w 2026-01-15  |x [Sebina 7] [1 v.]  |y BK  |z 1 v. 
999 |c 21509  |d 21509